00309nam a2200121Ia 4500008004100000082001600041100001200057245003900069250000900108260004400117300001100161650001500172150201s2003 xx 000 0 und d a612bP2003T aTORTORA aPRINCIPLES OF ANATOMY & PHYSIOLOGY a10TH bWILEY BLACKWELL PUBLISHINGaU.S.Ac2003 a1-1104 aPHYSIOLOGY